=LDR 00000nam 2200000 4500 =001 NUTBA000000000003504 =005 20140821082951.0 =006 =007 =008 =020 ##$$a 978-602-7604-21-6 =035 ##$$a 0010-081400000000349 =040 ##$$a NBPDMAT =082 ##$$a 510 =090 ##$$a 510 $b Ist p =100 ##$$a Isti Karnika =245 ##$$a Pengayaan matematika matriks : $b kelompok bilangan dalam baris dan kolam / $c Isti Karnikasari =260 ##$$a Jakarta : $b Pustaka Grafiti, $c 2013 =300 ##$$a 74 hlm. : $b ilus. ; $c 25 cm. =500 ##$$a Bibliografi : hlm. 71-74 =700 ##$$a Matematika-SMA =990 ##$$a 21405032 =990 ##$$a 0001/BPAP-NTB/20142014 =990 ##$$a 0001/BPAP-NTB/20142014 =990 ##$$a 0001/BPAP-NTB/20142014 =990 ##$$a 0001/BPAP-NTB/20142014 =990 ##$$a 0001/BPAP-NTB/20142014